00638nam a2200169 a 450000100100000000500170001000800410002704000250006808200210009310000200011424501210013426000410025530000210029650400560031765000170037365100780039000002156620250501120733.0100909s1957 ng 001 0dspa d aDO-SdBNPbspacBNPHU a972.93053bB712v1 aBonet, Antonio,13aLa verdad sobre la Era de Trujillo :brefutación de "La Era" de Galíndez (segunda parte) /cPbro. Antonio Bonet. aManagua, Nicaragua :b[s.n.],c1957. a198 p. ;c23 cm. aIncluye bibliografía y notas al pie de páginas.10aDemografía 4aRepública DominicanaxPolítica Y GobiernoyERA DE TRUJILLO, 1930-1961